000 00698nam a2200217 4500
003 OSt
005 20240724020428.0
006 a
008 240724b |||||||| |||| 00| 0 eng d
020 _a9789812725714
040 _aDWCL-HMN lib.
_cOC
082 _2Eighth edition
_aCirc. 610.73068 T656g 2009
100 _aTomey, Ann Marriner
245 _aGuide to nursing management and leadership /
250 _aEighth edition
260 _aSingrapore :
_bElsevier (Singapore) Pte LTd,
_cc2009.
300 _axix,
_b523 p. : ill. ;
_c23 cm.
504 _aIncludes Bibliographical references.
650 _a1. Nursing services-Administration.
942 _2ddc
_n0
_cBK-CIRC
_eEighth edition
_kCirc.
999 _c2639
_d2639